000 00928nam0a22002411 4500
001 rc\913126
005 20041129094821.8
035 _a(NLR Aleph) 006087673
090 _a5135822
_c5135822
100 _a20041129d1982 u |0rusy50 ca
101 0 _arus
102 _aRU
105 _ay |||||||||
200 1 _aАктуальные проблемы совершенствования производства следственных действий
_e[Сб. науч. тр.]
_fМ-во внутр. дел СССР. Ташк. высш. шк.
_g[Редкол.: Р.К. Каюмов (отв. ред.) и др.]
210 _aТашкент
_cТВШ МВД СССР
_d1982
215 _a159 с.
_d20
702 1 _aКаюмов
_bР. К.
_4340
712 0 2 _aТашкентская высшая школа МВД СССР
801 0 _aRU
_bNLR
_gpsbo
801 1 _aRU
_bELAR
_2rusmarc
852 _aNLR
_j83-3/997
942 _cBOOK
980 _aNB